00486nam a22001457a 4500020001500000040001000015082001500025100003100040245004800071260003000119650005600149942001200205999001900217952010400236 a1563470098 cNust  a629.1bCRI aJ.S PerzemiEniecki9125028 aCritical technologies for national defense  aWashington:bAIAA,c1991. aCritical technologies for national defense 9125029 2ddccBK c610790d610790 00102ddc4070aCEMEbCEMEcGENd2024-08-06l0o629.1 CRIpCEME- 39514r2024-08-06w2024-08-06yBK